Music Quiz

Random Music Quiz

Coldplay Don't Let It Break Your Heart Lyrics Quiz Stats

Quiz not verified by Sporcle

Also try: History In Song II
Challenge
Share
Tweet
Embed
Score 0/118 Timer 07:00
0 Plays Today
Answer % Correct
it
100%
it
100%
it
100%
it
100%
and
98.5%
the
98.5%
the
98.5%
and
98.5%
the
98.5%
a
98.5%
and
98.5%
a
98.5%
the
98.5%
and
98.5%
you
96.9%
you
96.9%
break
96.9%
your
96.9%
your
96.9%
you
96.9%
your
96.9%
break
96.9%
your
96.9%
break
96.9%
your
96.9%
don't
95.4%
let
95.4%
don't
95.4%
let
95.4%
don't
95.4%
let
95.4%
on
93.8%
heart
93.8%
on
93.8%
on
93.8%
heart
93.8%
heart
93.8%
come
90.8%
come
90.8%
if
89.2%
Answer % Correct
i
89.2%
if
89.2%
i
89.2%
when
89.2%
i
89.2%
when
89.2%
lost
87.7%
lost
87.7%
baby
87.7%
baby
87.7%
tired
86.2%
of
86.2%
tired
86.2%
of
86.2%
all
84.6%
never
84.6%
never
84.6%
never
84.6%
still
83.1%
to
83.1%
still
83.1%
in
83.1%
still
83.1%
to
83.1%
into
81.5%
you're
81.5%
you're
81.5%
fell
80%
trap
80%
oh
80%
oh
80%
oh
80%
oh
80%
oh
80%
she
78.5%
we
76.9%
we
76.9%
map
73.8%
start
72.3%
call
70.8%
Answer % Correct
try
70.8%
catch
70.8%
call
70.8%
cannonball
67.7%
heard
67.7%
left
64.6%
shipwreck
63.1%
aiming
63.1%
arrows
61.5%
mark
60%
shadows
60%
from
58.5%
said
58.5%
hit
58.5%
even
58.5%
my
56.9%
my
56.9%
part
56.9%
racing
55.4%
find
55.4%
though
55.4%
her
55.4%
then
52.3%
is
52.3%
or
49.2%
through
49.2%
we're
47.7%
heavily
46.2%
crawl
46.2%
tide
46.2%
going
46.2%
she'd
44.6%
bled
44.6%
burning
44.6%
flowing
44.6%
veins
41.5%
rains
36.9%
slowly
30.8%

You're not logged in!

Compare scores with friends on all Sporcle quizzes.
Sign Up with Email
OR
Log In

You Might Also Like...

Show Comments

Extras

Top Quizzes Today


Score Distribution

Your Account Isn't Verified!

In order to create a playlist on Sporcle, you need to verify the email address you used during registration. Go to your Sporcle Settings to finish the process.

Report this User

Report this user for behavior that violates our Community Guidelines.

Details: